[Event "East Lansing (MOR/4/22)"]
[Site "?"]
[Date "1995.??.??"]
[Round "?"]
[White "Stacey, William"]
[Black "Grzegorczyk, Ron"]
[Result "1-0"]
[WhiteElo "1605"]
[BlackElo "1605"]
[PlyCount "73"]
[EventDate "1995.??.??"]

{4/(22)} 1. e4 c5 2. Nf3 Nc6 3. d4 cxd4 4. Nxd4 e6 5. Be2 Be7 6. O-O Nf6 7. Nc3
a6 8. Be3 O-O 9. f4 d6 10. Nf3 Ng4 11. Bc1 Qb6+ 12. Kh1 Nf2+ 13. Rxf2 Qxf2 14.
a3 Qb6 15. Qd3 Qc7 16. Be3 b5 17. Rf1 Bb7 18. Ng5 Bxg5 19. fxg5 Rad8 20. Bf4 b4
21. Nd1 bxa3 22. bxa3 e5 23. Bd2 Nd4 24. c3 Nxe2 25. Qxe2 Qc6 26. Nf2 d5 27.
Ng4 Qe6 28. Be3 dxe4 29. h3 Bd5 30. Qf2 Bc4 31. Re1 Rd3 32. Qg3 Rd5 33. Rb1 Be2
34. Nf6+ gxf6 35. Rb6 Rd6 36. gxf6+ Bg4 37. Rxd6 1-0

[Event "East Lansing (MOR/5/13)"]
[Site "?"]
[Date "1995.??.??"]
[Round "?"]
[White "Stacey, William"]
[Black "Eck, J."]
[Result "1/2-1/2"]
[WhiteElo "1605"]
[BlackElo "1630"]
[PlyCount "82"]
[EventDate "1995.??.??"]

{5/(13)} 1. e4 e5 2. f4 exf4 3. Nf3 Be7 4. Qe2 d6 5. d3 Nc6 6. Bxf4 Bg4 7. c3
Nf6 8. Nbd2 h6 9. h3 Bxf3 10. Qxf3 Ne5 11. Bxe5 dxe5 12. O-O-O Nh7 13. Nb3 Qd7
14. d4 Qa4 15. Kb1 Ng5 16. Qf5 O-O 17. Qxe5 Bd6 18. Qf5 a6 19. Bd3 b6 20. h4
Ne6 21. e5 g6 22. Qg4 Bxe5 23. Bxg6 Ng7 24. Be4 h5 25. Qg5 Rae8 26. Bc2 Bd6 27.
Rhf1 Qd7 28. Rf3 Qg4 29. Qxg4 hxg4 30. Rf6 Re6 31. Rxe6 fxe6 32. Rh1 Nh5 33.
Bd3 Rf2 34. Bxa6 Rxg2 35. Bc8 Kf7 36. Bb7 Rf2 37. Nc1 g3 38. Rg1 Rh2 39. Nd3
Rxh4 40. Bf3 Rh2 41. Ne5+ Bxe5 1/2-1/2

[Event "Eastpointe (MCO/3/20)"]
[Site "?"]
[Date "1995.??.??"]
[Round "?"]
[White "Spooner, Frank"]
[Black "Venia, Mike"]
[Result "1-0"]
[WhiteElo "1820"]
[BlackElo "1605"]
[PlyCount "73"]
[EventDate "1995.??.??"]

{3/(20)} 1. Nf3 Nf6 2. b3 g6 3. Bb2 Bg7 4. e3 c5 5. Be2 Nc6 6. O-O O-O 7. d4
cxd4 8. exd4 d6 9. c4 e6 10. Nc3 d5 11. c5 Bd7 12. Bd3 Ne8 13. Bb1 Nf6 14. Re1
b6 15. Ba3 Re8 16. Nb5 Bf8 17. b4 a5 18. Qd2 axb4 19. Bxb4 Nxb4 20. Qxb4 Bxb5
21. Qxb5 bxc5 22. dxc5 Ra5 23. Qb6 Qxb6 24. cxb6 Rb5 25. a4 Rxb6 26. a5 Ra6 27.
Bd3 Ra7 28. a6 Rb8 29. Ne5 Rb6 30. Rec1 Bd6 31. Rc8+ Kg7 32. Nc6 Rxc6 33. Rxc6
Be5 34. Rac1 Nd7 35. g3 Nb8 36. Rb6 Bd4 37. Rxb8 1-0

[Event "East Lansing (Class A/3/10)"]
[Site "?"]
[Date "1995.??.??"]
[Round "?"]
[White "Spooner, Frank"]
[Black "Straub, F."]
[Result "1/2-1/2"]
[WhiteElo "1865"]
[BlackElo "1940"]
[PlyCount "56"]
[EventDate "1995.??.??"]

{3/(10)} 1. Nf3 c5 2. e3 Nf6 3. b3 g6 4. Bb2 Bg7 5. Be2 O-O 6. O-O Nc6 7. d3 b5
8. Nbd2 Bb7 9. c4 b4 10. Qc2 Qc7 11. d4 d6 12. d5 Ne5 13. Nxe5 dxe5 14. f4 Nd7
15. g3 a5 16. Nf3 Ra6 17. Ng5 h6 18. Nf3 e4 19. Bxg7 exf3 20. Bxf8 fxe2 21.
Qxe2 Kxf8 22. e4 e5 23. f5 Kg7 24. Rf2 Nf6 25. g4 g5 26. Kg2 Ne8 27. Rh1 Qe7
28. h3 Bc8 1/2-1/2

[Event "East Lansing (Class A/5/9)"]
[Site "?"]
[Date "1995.??.??"]
[Round "?"]
[White "Spooner, Frank"]
[Black "June, Brian"]
[Result "1/2-1/2"]
[WhiteElo "1865"]
[BlackElo "1800"]
[PlyCount "68"]
[EventDate "1995.??.??"]

{5/(9)} 1. Nf3 Nf6 2. b3 d5 3. Bb2 c5 4. e3 Nc6 5. Bb5 Bd7 6. O-O g6 7. d3 Bg7
8. Nbd2 O-O 9. Bxc6 Bxc6 10. Ne5 Qc7 11. f4 Rad8 12. Ndf3 b5 13. Nxc6 Qxc6 14.
Ne5 Qc8 15. Qf3 a5 16. g4 c4 17. Bd4 cxd3 18. cxd3 Nd7 19. Rac1 Nxe5 20. Bxe5
Qe6 21. Bxg7 Kxg7 22. Rc5 Qb6 23. d4 e6 24. Rfc1 Qb8 25. Qe2 Rc8 26. Qc2 Rxc5
27. Qxc5 Qd8 28. Kg2 Qh4 29. h3 h5 30. g5 f6 31. Qe7+ Rf7 32. gxf6+ Qxf6 33.
Qxf6+ Kxf6 34. Rc5 Rb7 1/2-1/2

[Event "East Lansing (Class A/1/6)"]
[Site "?"]
[Date "1995.??.??"]
[Round "?"]
[White "Spooner, Frank"]
[Black "Jendras, Gerard"]
[Result "0-1"]
[WhiteElo "1865"]
[BlackElo "1930"]
[PlyCount "89"]
[EventDate "1995.??.??"]

{1/(6)} 1. Nf3 Nf6 2. e3 c5 3. b3 g6 4. Bb2 Bg7 5. Be2 O-O 6. O-O Nc6 7. d3 d5
8. Nbd2 Qc7 9. d4 cxd4 10. exd4 Bg4 11. Ne5 Nxe5 12. dxe5 Bxe2 13. Qxe2 Nd7 14.
Nf3 Rac8 15. Rac1 Bh6 16. Nd2 Qa5 17. f4 Qxa2 18. Bd4 a6 19. e6 Nf6 20. exf7+
Rxf7 21. Qd3 Qa5 22. c4 Qd8 23. Rce1 dxc4 24. Nxc4 Nd5 25. g3 Bg7 26. Ne5 Rf8
27. Qe4 Nf6 28. Qd3 Qd5 29. Rd1 Rfd8 30. Qf3 Qxf3 31. Nxf3 Rc2 32. b4 Rc4 33.
Bc5 Rxd1 34. Rxd1 Ne4 35. Bxe7 Rc7 36. Rd8+ Kf7 37. Bc5 Nxc5 38. bxc5 Bd4+ 39.
Kg2 Bxc5 40. Ne5+ Ke7 41. Rd1 Bd6 42. Ng4 b5 43. Re1+ Kf7 44. Nh6+ Kg7 45. Ng4
$138 0-1

[Event "Eastpointe (MCO/1/27)"]
[Site "?"]
[Date "1995.??.??"]
[Round "?"]
[White "Spooner, Frank"]
[Black "Frantz, John W"]
[Result "1-0"]
[WhiteElo "1820"]
[BlackElo "1605"]
[PlyCount "41"]
[EventDate "1995.??.??"]

{1/(27)} 1. Nf3 c5 2. b3 d5 3. Bb2 Nc6 4. e3 d4 5. Bb5 Bd7 6. O-O Nb4 7. Bxd7+
Qxd7 8. exd4 cxd4 9. Bxd4 Rc8 10. c4 Nc6 11. Bb2 f6 12. d4 g5 13. d5 Nb4 14.
Nd4 a6 15. Qh5+ Kd8 16. Ne6+ Qxe6 17. dxe6 Rc6 18. Qf7 Nh6 19. Rd1+ Kc7 20. Qe8
Bg7 21. Qd7+ 1-0

[Event "Eastpointe (MCO/5/12)"]
[Site "?"]
[Date "1995.??.??"]
[Round "?"]
[White "Spooner, Frank"]
[Black "Chehayeb, Sal"]
[Result "0-1"]
[WhiteElo "1820"]
[BlackElo "2055"]
[PlyCount "36"]
[EventDate "1995.??.??"]

{5/(12)} 1. Nf3 Nf6 2. b3 g6 3. Bb2 Bg7 4. g3 O-O 5. Bg2 d5 6. d3 c5 7. e3 Nc6
8. O-O Re8 9. c4 d4 10. exd4 cxd4 11. Nbd2 Bf5 12. Qe2 e5 13. Nh4 Bg4 14. f3
Bd7 15. Bh1 Nh5 16. Qf2 Bh6 17. Rfe1 Nb4 18. Qf1 Bxd2 0-1

[Event "East Lansing (MOR/4/30)"]
[Site "?"]
[Date "1995.??.??"]
[Round "?"]
[White "Spencer, Gordon"]
[Black "Williams, Claude"]
[Result "1-0"]
[WhiteElo "1605"]
[BlackElo "1605"]
[PlyCount "119"]
[EventDate "1995.??.??"]

{4/(30)} 1. Nf3 e6 2. c4 d5 3. b3 c6 4. g3 Nf6 5. Bg2 Nbd7 6. O-O Nc5 7. d3 Bd6
8. b4 Ncd7 9. c5 Bc7 10. Bb2 b6 11. Qc2 bxc5 12. bxc5 e5 13. Nbd2 O-O 14. e4 d4
15. Nc4 Qe7 16. Ba3 Ng4 17. h3 Nh6 18. Nfd2 Nf6 19. Nd6 Be6 20. N2c4 Nd7 21. f3
Qg5 22. Qf2 f5 23. Rab1 Rab8 24. h4 Qg6 25. Bh3 fxe4 26. Bxe6+ Qxe6 27. Rxb8
Bxb8 28. Nxe4 Ng4 29. Qe2 Ngf6 30. Nxf6+ Nxf6 31. Bb2 Nh5 32. Kf2 Qh3 33. Rg1
e4 34. Qxe4 Bxg3+ 35. Rxg3 Qxg3+ 36. Ke2 Nf4+ 37. Kd1 Qg1+ 38. Kc2 Qf2+ 39. Nd2
Nd5 40. Qxd4 Qxd4 41. Bxd4 Nb4+ 42. Kc3 Nxa2+ 43. Kb3 Nc1+ 44. Kc2 Ne2 45. Be5
Nf4 46. Nc4 Ng6 47. Bd6 Rxf3 48. Na5 Nxh4 49. Nxc6 a6 50. Kc3 Nf5 51. Ne5 Rf1
52. Kc4 Nxd6+ 53. cxd6 Rc1+ 54. Kd5 Rc8 55. Nc6 h5 56. Ne7+ Kf8 57. Nxc8 Ke8
58. Ke6 h4 59. Ne7 h3 60. Nc6 1-0

[Event "Lansing (Mini-Swiss.2/3)"]
[Site "?"]
[Date "1995.??.??"]
[Round "?"]
[White "Spencer, Gordon"]
[Black "Robinson, Erik"]
[Result "0-1"]
[WhiteElo "1605"]
[BlackElo "1605"]
[PlyCount "110"]
[EventDate "1995.??.??"]

{2/(3)} 1. Nf3 Nf6 2. b3 d6 3. Bb2 e5 4. g3 Bf5 5. Bg2 Qc8 6. O-O Be7 7. d3
Nbd7 8. e4 Bg4 9. h3 Bh5 10. g4 Bg6 11. Nh4 Nf8 12. Nc3 h5 13. Nf5 Bxf5 14.
exf5 g6 15. Qf3 c6 16. Ne4 hxg4 17. Nxf6+ Bxf6 18. hxg4 gxf5 19. Qxf5 Qxf5 20.
gxf5 Rh5 21. f4 Rxf5 22. fxe5 Rxf1+ 23. Rxf1 Bxe5 24. Bxe5 dxe5 25. Bh3 Ng6 26.
Re1 Ke7 27. Re4 Rg8 28. Kf2 Nf4 29. Bf1 Kd6 30. Ke3 Nd5+ 31. Kd2 Rh8 32. Re2
Nf4 33. Rf2 f5 34. d4 Rh4 35. dxe5+ Kxe5 36. Bg2 Rh2 37. Ke3 Nxg2+ 38. Kd2 f4
39. Re2+ Kd5 40. c4+ Kd4 41. Rf2 f3 42. a4 Ke4 43. a5 Kf4 44. Kc3 Ke3 45. Rd2
f2 46. Rd3+ Ke2 47. Rd2+ Kf1 48. Kd3 Ne1+ 49. Ke3 Rh3+ 50. Kf4 Kg2 51. b4 Rf3+
52. Ke4 Kg1 53. Rd7 f1=Q 54. Rg7+ Ng2 55. Rxb7 Qd3+ 0-1

[Event "Lansing (Mini-Swiss.2/1)"]
[Site "?"]
[Date "1995.??.??"]
[Round "?"]
[White "Spencer, Gordon"]
[Black "Pulsipher, D."]
[Result "1/2-1/2"]
[WhiteElo "1605"]
[BlackElo "1710"]
[PlyCount "119"]
[EventDate "1995.??.??"]

{2/(1)} 1. Nf3 Nf6 2. b3 d5 3. c4 c6 4. Bb2 Nbd7 5. g3 g6 6. Bg2 Bg7 7. O-O O-O
8. d3 Re8 9. Nbd2 e5 10. cxd5 cxd5 11. e3 b6 12. Rc1 Ba6 13. Qc2 Rc8 14. Qb1
Qe7 15. Rfd1 h6 16. a3 Kh7 17. b4 Ng8 18. Ba1 f5 19. b5 Bb7 20. Bb2 Ngf6 21.
Qa1 Ng8 22. Ne1 Nc5 23. a4 Nd7 24. Nc2 Ngf6 25. Nf3 Nh5 26. d4 e4 27. Nfe1 Rc7
28. Nb4 Rec8 29. Ba3 Qe6 30. Rxc7 Rxc7 31. Rc1 Rxc1 32. Qxc1 Ndf6 33. Nc6 a6
34. Nd8 Qc8 35. Qxc8 Bxc8 36. Bf1 a5 37. Bd6 Nd7 38. Ng2 g5 39. Nc6 Bf8 40.
Bxf8 Nxf8 41. h4 Kg7 42. Be2 Nf6 43. f4 g4 44. Bd1 Kf7 45. Bb3 Ke6 46. Ne1 Kd6
47. Nc2 Ng6 48. Na3 Nh7 49. Nb1 Nf6 50. Nc3 Bd7 51. Nd1 Be8 52. Kf2 Nf8 53. Kg2
Ne6 54. Kf2 Nc7 55. Kg2 Ng8 56. Kf2 Ne7 57. Kg2 Nc8 58. Kf2 Ke6 59. Kg2 Nd6 60.
Nc3 {1/2-1/2. ??.} 1/2-1/2

[Event "East Lansing (MOR/2/39)"]
[Site "?"]
[Date "1995.??.??"]
[Round "?"]
[White "Spencer, Gordon"]
[Black "Jewett, Brandon"]
[Result "1-0"]
[WhiteElo "1605"]
[BlackElo "1605"]
[PlyCount "133"]
[EventDate "1995.??.??"]

{2/(39)} 1. Nf3 e6 2. c4 Nf6 3. b3 b6 4. g3 Be7 5. Bg2 Bb7 6. O-O O-O 7. d3 c6
8. Bb2 d5 9. Nbd2 Bb4 10. a3 Bxd2 11. Qxd2 Nbd7 12. Rac1 Nc5 13. b4 Nb3 14. Qc2
Nxc1 15. Rxc1 Rc8 16. c5 Nd7 17. Ne5 f6 18. Nxd7 Qxd7 19. Bh3 Qf7 20. Bd4 b5
21. a4 a6 22. a5 Rc7 23. f4 Bc8 24. Bg2 Re8 25. Rf1 h6 26. Qb2 Qe7 27. Bf3 Qf7
28. Bg2 Rce7 29. e3 Qg6 30. e4 e5 31. f5 Qf7 32. Be3 dxe4 33. Bxe4 Bb7 34. Qg2
Rc7 35. Rb1 Rd8 36. g4 Kf8 37. h4 Ke7 38. g5 hxg5 39. hxg5 Rh8 40. g6 Qe8 41.
Kf2 Rh5 42. Bf3 Rxf5 43. Rh1 Qd7 44. Ke2 Rxf3 45. Qxf3 Rc8 46. Rh7 Rg8 47. Bh6
Kf8 48. Qxf6+ Ke8 49. Qxe5+ Qe7 50. Qxe7+ Kxe7 51. Bxg7 Ke6 52. Bc3 Bc8 53. g7
Kf7 54. Rh8 Be6 55. Ke3 Ke8 56. Kf4 Kd7 57. Kg5 Bd5 58. Kh6 Be6 59. Kh7 Rxh8+
60. gxh8=Q Bf5+ 61. Kg7 Bxd3 62. Qa8 Ke6 63. Qxc6+ Kf5 64. Qf6+ Ke4 65. Qe5+
Kf3 66. c6 Bf5 67. Qxf5+ 1-0

[Event "East Lansing (MOR/6/16)"]
[Site "?"]
[Date "1995.??.??"]
[Round "?"]
[White "Spencer, Gordon"]
[Black "Falkowski, Kenneth"]
[Result "1/2-1/2"]
[WhiteElo "1605"]
[BlackElo "1735"]
[PlyCount "126"]
[EventDate "1995.??.??"]

{6/(16)} 1. Nf3 d6 2. c4 Nf6 3. g3 g6 4. b3 Bg7 5. Bb2 b6 6. Bg2 Bb7 7. O-O O-O
8. d3 e5 9. e4 c5 10. Na3 Nc6 11. Nc2 Nd4 12. Nfxd4 cxd4 13. Bc1 a5 14. Bd2 Nd7
15. a3 Nc5 16. Ne1 Ba6 17. b4 axb4 18. axb4 Ne6 19. Bh3 b5 20. Bxe6 fxe6 21. c5
dxc5 22. bxc5 Qc7 23. Qc2 Bb7 24. Ng2 Rfc8 25. Bb4 Bf8 26. Rxa8 Rxa8 27. Nh4
Ra4 28. Rb1 Bc6 29. Kg2 Qa7 30. Rb2 Ra1 31. Qb3 Kf7 32. Rc2 Qa4 33. Qxa4 Rxa4
34. Rb2 Ra1 35. f4 exf4 36. Nf3 Bg7 37. gxf4 Rd1 38. Rd2 Rb1 39. Ba3 b4 40. Bb2
Ke7 41. Ng1 e5 42. fxe5 Bxe5 43. Ne2 Ba4 44. Bxd4 Bxd4 45. Nxd4 b3 46. Nxb3
Bxb3 47. Kf3 Ke6 48. Ke3 Rc1 49. d4 g5 50. d5+ Kd7 51. Rd3 Ba2 52. Kd4 Rc4+ 53.
Ke5 Rxc5 54. Rh3 Rc4 55. Rxh7+ Ke8 56. Rh3 Rc2 57. Kf5 Re2 58. Ra3 Rxh2 59. Rg3
Bxd5 60. exd5 Re2 61. Rxg5 Kd7 62. Rg6 Rf2+ 63. Ke4 Re2+ 1/2-1/2

[Event "East Lansing (Class C/2/7)"]
[Site "?"]
[Date "1995.??.??"]
[Round "?"]
[White "Spencer, Gordon"]
[Black "Collins, Devontia"]
[Result "1-0"]
[WhiteElo "1605"]
[BlackElo "1605"]
[PlyCount "115"]
[EventDate "1995.??.??"]

{2/(7)} 1. Nf3 Nf6 2. g3 g6 3. Bg2 Bg7 4. Nc3 O-O 5. O-O d6 6. b3 Nc6 7. Bb2 e5
8. Ng5 a6 9. d3 Ne7 10. Nge4 Nxe4 11. Nxe4 Rb8 12. c4 Bf5 13. Nd2 Qd7 14. b4
Bh3 15. a4 Bxg2 16. Kxg2 Nf5 17. Qc2 Nd4 18. Bxd4 exd4 19. b5 Rfe8 20. Nb3 Re7
21. Rfe1 Qg4 22. Na5 axb5 23. axb5 Rbe8 24. Ra2 b6 25. Nc6 Re6 26. Qd1 g5 27.
e4 Qxd1 28. Rxd1 Rc8 29. Ra7 Ree8 30. Rda1 Bf6 31. Rb7 Ra8 32. Raa7 Rxa7 33.
Rxa7 Rc8 34. Rb7 Kf8 35. f4 gxf4 36. gxf4 Re8 37. Rb8 Rxb8 38. Nxb8 Ke7 39.
Nc6+ Ke6 40. f5+ Kd7 41. Kh3 h6 42. Kg3 Bg7 43. Kg4 Ke8 44. Kf4 Kd7 45. e5
dxe5+ 46. Nxe5+ Ke7 47. Ke4 Bxe5 48. Kxe5 f6+ 49. Kxd4 Kd6 50. Ke4 Kc5 51. h4
Kd6 52. d4 h5 53. Kd3 Ke7 54. c5 Kd7 55. Kc4 Ke7 56. d5 Kd7 57. d6 cxd6 58.
cxb6 1-0

[Event "East Lansing (Class C/3/3)"]
[Site "?"]
[Date "1995.??.??"]
[Round "?"]
[White "Spencer, Gordon"]
[Black "Barta, Roger"]
[Result "0-1"]
[WhiteElo "1605"]
[BlackElo "1605"]
[PlyCount "136"]
[EventDate "1995.??.??"]

{3/(3)} 1. Nf3 d5 2. c4 Nf6 3. cxd5 Nxd5 4. g3 c5 5. Bg2 Nc6 6. O-O e5 7. d3
Be7 8. Nbd2 O-O 9. Nc4 f6 10. a3 Kh8 11. Ncd2 Be6 12. Ne4 Qd7 13. Bd2 Nd4 14.
Nxd4 cxd4 15. Be1 Rac8 16. Nd2 Qb5 17. Nc4 Nb6 18. Bxb7 Rc7 19. a4 Nxa4 20.
Qxa4 Qxb7 21. b3 Bh3 22. f3 Bxf1 23. Kxf1 Rb8 24. Rb1 Qb5 25. Qa2 Bb4 26. Nd2
Qa5 27. Qxa5 Bxa5 28. Nc4 Bxe1 29. Kxe1 Rcb7 30. Nd2 Kg8 31. h4 Kf7 32. Kf2 Ke6
33. Ra1 Kd6 34. Ra6+ Kc5 35. Ra4 Rd8 36. g4 Rdd7 37. Ne4+ Kb5 38. Nd2 Rb6 39.
Ne4 Rc6 40. Rc4 Rxc4 41. bxc4+ Kb4 42. g5 f5 43. Nd2 a5 44. Ke1 Kc3 45. Kd1 a4
46. Kc1 Rb7 47. Nb1+ Kb4 48. Kb2 Ra7 49. Na3 Ra6 50. h5 Rb6 51. Nb5 Rxb5 52.
cxb5 Kxb5 53. Ka3 g6 54. f4 exf4 55. h6 Ka5 56. Ka2 Kb4 57. Kb2 a3+ 58. Kc2 a2
59. Kb2 a1=Q+ 60. Kxa1 Kc3 61. Ka2 Kd2 62. Kb3 Kxe2 63. Kc4 f3 64. Kxd4 f2 65.
Ke5 f1=Q 66. Kf6 Qa1+ 67. Kf7 Kxd3 68. Kg8 Qa7 0-1

[Event "Detroit (CMS Jun/2/4/2)"]
[Site "?"]
[Date "1995.??.??"]
[Round "?"]
[White "Sparks, C."]
[Black "Menczer, David"]
[Result "0-1"]
[WhiteElo "1605"]
[BlackElo "1605"]
[PlyCount "94"]
[EventDate "1995.??.??"]

{2/4} 1. e4 e5 2. Nf3 Nc6 3. d4 Bd6 4. d5 Na5 5. b3 Nf6 6. Nc3 Bb4 7. Bd2 Bc5
8. Nxe5 Bd4 9. Nf3 c5 10. b4 Bxc3 11. Bxc3 Nxe4 12. Bd2 Qe7 13. Be3 cxb4 14.
Bd3 b6 15. O-O Bb7 16. d6 Nxd6 17. Bg5 f6 18. Re1 Ne4 19. Bxe4 Bxe4 20. Bf4 f5
21. Bg5 Qc5 22. Qe2 h6 23. Bf4 g5 24. Be5 O-O 25. Bd4 Qxc2 26. Qxc2 Bxc2 27. g3
b3 28. axb3 Nxb3 29. Rac1 Nxc1 30. Rxc1 Rac8 31. h4 Be4 32. Re1 Bxf3 33. Kh2
Rc4 34. Be3 Re8 35. h5 Rc2 36. Kg1 f4 37. gxf4 gxf4 38. Bxf4 Rxe1+ 39. Kh2
Rxf2+ 40. Kh3 Bxh5 41. Bxh6 Rh1+ 42. Kg3 Rf6 43. Bg5 Rg1+ 44. Kh3 Rxg5 45. Kh4
Rg4+ 46. Kxh5 Rg1 47. Kh4 Rh6# 0-1

[Event "Grand Rapids (MI Am/5/28)"]
[Site "?"]
[Date "1995.??.??"]
[Round "?"]
[White "Spangler, Richard"]
[Black "Friedland, J."]
[Result "1-0"]
[WhiteElo "1605"]
[BlackElo "1605"]
[PlyCount "121"]
[EventDate "1995.??.??"]

{5/(28)} 1. d4 d5 2. e3 Nf6 3. Bd3 Nc6 4. c3 Bd7 5. Nd2 g6 6. e4 dxe4 7. Nxe4
Bg7 8. Nf3 O-O 9. O-O Re8 10. Re1 Bg4 11. h3 Bxf3 12. Qxf3 e5 13. Bg5 Re6 14.
d5 Qxd5 15. Nxf6+ Bxf6 16. Qxd5 Bxg5 17. Bc4 Rd8 18. Qf3 Rf6 19. Qg4 Bh6 20.
Rad1 Re8 21. Qd7 Re7 22. Qc8+ Bf8 23. Rd7 Rxd7 24. Qxd7 Bd6 25. Bd5 Kg7 26.
Bxc6 bxc6 27. Qxc6 e4 28. Rxe4 Bh2+ 29. Kxh2 Rxc6 30. Rb4 Ra6 31. a4 c6 32. b3
Kf6 33. Rb7 Ke6 34. Kg3 Rb6 35. Rxb6 axb6 36. Kf4 f6 37. h4 h6 38. g4 Kd5 39.
f3 Ke6 40. c4 c5 41. h5 g5+ 42. Ke4 Ke7 43. Kd5 Kd7 44. a5 bxa5 45. Kxc5 Kc7
46. Kb5 Kd6 47. Kb6 Ke5 48. c5 Kf4 49. c6 Kxf3 50. c7 Kxg4 51. c8=Q+ Kxh5 52.
Qf5 a4 53. bxa4 Kh4 54. a5 h5 55. Qxf6 Kg4 56. a6 h4 57. a7 h3 58. a8=Q Kh4 59.
Qh1 h2 60. Qxh2+ Kg4 61. Qg2+ 1-0

[Event "Grand Rapids (MI Am/1/16)"]
[Site "?"]
[Date "1995.??.??"]
[Round "?"]
[White "Spangler, Richard"]
[Black "Bolda, M."]
[Result "0-1"]
[WhiteElo "1605"]
[BlackElo "1790"]
[PlyCount "40"]
[EventDate "1995.??.??"]

{1/(16)} 1. d4 d5 2. Nf3 Bg4 3. e3 Nc6 4. Nbd2 e5 5. dxe5 Nxe5 6. Be2 Nxf3+ 7.
Nxf3 Nf6 8. O-O Bd6 9. b3 h5 10. Nh4 Ne4 11. Bxg4 Qxh4 12. Bh3 Ng5 13. f4 Nxh3+
14. gxh3 Qxh3 15. Qxd5 O-O-O 16. Qg5 Rh6 17. Qxg7 Rg6+ 18. Qxg6 fxg6 19. e4
Bc5+ 20. Rf2 Rd1# 0-1

[Event "East Lansing (Class C/1/3)"]
[Site "?"]
[Date "1995.??.??"]
[Round "?"]
[White "Solski, Jeff"]
[Black "Salami, Samer"]
[Result "0-1"]
[WhiteElo "1605"]
[BlackElo "1605"]
[PlyCount "114"]
[EventDate "1995.??.??"]

{1/(3)} 1. e4 e5 2. f4 d6 3. Nf3 Bg4 4. Bc4 Nc6 5. Bxf7+ Kxf7 6. fxe5 Nd4 7.
e6+ Nxe6 8. O-O Nf6 9. e5 Bxf3 10. Qxf3 dxe5 11. c3 c6 12. Qh5+ g6 13. Qxe5 Bd6
14. Qe2 Re8 15. d4 Qc7 16. Qc4 b5 17. Qb3 Bxh2+ 18. Kh1 Kg7 19. Na3 Ng4 20. c4
Bg1 21. Qh3 Qh2+ 22. Qxh2 Bxh2 23. cxb5 Nxd4 24. Bf4 Bxf4 25. Rxf4 Re4 26. Raf1
Rae8 27. Rf7+ Kh6 28. bxc6 R8e5 29. R7f3 Nxf3 30. gxf3 Rf4 31. Rc1 Rf8 32. fxg4
Kg5 33. b4 Kxg4 34. Nc4 Re4 35. Nd6 Rd4 36. Nc4 Rc8 37. b5 h5 38. a4 h4 39. a5
Kg3 40. b6 axb6 41. axb6 Rxc6 42. b7 Rd8 43. Rc3+ Kf4 44. Ne3 Rxc3 45. Nd5+ Kg3
46. Nxc3 h3 47. Ne4+ Kh4 48. Nd6 g5 49. Nc8 Rd1+ 50. Kh2 Rd2+ 51. Kh1 Rb2 52.
Nd6 g4 53. Nf5+ Kg5 54. Nd6 g3 55. Ne4+ Kf4 56. Nd2 Rxb7 57. Kg1 Rb2 0-1

[Event "East Lansing (Class C/3/13)"]
[Site "?"]
[Date "1995.??.??"]
[Round "?"]
[White "Solski, Jeff"]
[Black "Hill, M."]
[Result "1-0"]
[WhiteElo "1605"]
[BlackElo "1605"]
[PlyCount "65"]
[EventDate "1995.??.??"]

{3/(13)} 1. e4 g6 2. Nf3 Bg7 3. Bc4 c6 4. Ng5 e6 5. d4 d5 6. Qf3 f6 7. exd5
cxd5 8. Bb5+ Nc6 9. Nh3 Nge7 10. O-O O-O 11. c3 e5 12. Be3 e4 13. Qe2 Bxh3 14.
gxh3 Nf5 15. Kh1 Nh4 16. Nd2 Ne7 17. Rg1 Qc8 18. Rg4 Nhf5 19. Rag1 Nxe3 20.
fxe3 f5 21. Rf4 h6 22. h4 Kh7 23. Ba4 Bf6 24. Bc2 Rg8 25. Qf2 Qe8 26. c4 g5 27.
Rxf5 Nxf5 28. Qxf5+ Qg6 29. Qxd5 Qe8 30. Nxe4 Bd8 31. Nxg5+ Kh8 32. Nf7+ Qxf7
33. Qxf7 1-0

[Event "East Lansing (Class C/5/7)"]
[Site "?"]
[Date "1995.??.??"]
[Round "?"]
[White "Solski, Jeff"]
[Black "Cutler, C."]
[Result "1-0"]
[WhiteElo "1605"]
[BlackElo "1605"]
[PlyCount "81"]
[EventDate "1995.??.??"]

{5/(7)} 1. e4 c6 2. Nf3 d5 3. exd5 Qxd5 4. g3 Bf5 5. Bg2 Qd8 6. O-O Nd7 7. d4
e6 8. Re1 Be7 9. c4 Nb6 10. Ne5 Qc7 11. Bf4 Qc8 12. b3 Nf6 13. Nc3 O-O 14. g4
Bg6 15. h4 h5 16. g5 Nfd7 17. Bh3 Nxe5 18. Bxe5 Bb4 19. Re3 Nd7 20. Ne4 Bxe4
21. Rxe4 Nxe5 22. Rxe5 g6 23. Qd3 Qc7 24. c5 Rad8 25. Qc4 Ba3 26. Bxe6 fxe6 27.
Rxe6 Kh7 28. Rae1 Rf7 29. Qd3 Rg8 30. Rf6 b6 31. Ree6 Rfg7 32. Qe2 Rd8 33. Rxg6
Qf7 34. Rgf6 Qd7 35. Qxh5+ Kg8 36. Rh6 Rh7 37. Reg6+ Kh8 38. Rd6 Rxh6 39. Qxh6+
Kg8 40. Qg6+ Kh8 41. Rxd7 1-0

[Event "Ann Arbor (MLS Jul/2/5)"]
[Site "?"]
[Date "1995.??.??"]
[Round "?"]
[White "Solon, Nathan"]
[Black "McCarter, Robert"]
[Result "0-1"]
[WhiteElo "1605"]
[BlackElo "1735"]
[PlyCount "58"]
[EventDate "1995.??.??"]

{2/(5)} 1. e4 c5 2. Nf3 d6 3. d4 cxd4 4. Nxd4 Nf6 5. Nc3 a6 6. Be3 e5 7. Nb3
Be6 8. f3 Be7 9. Nd2 O-O 10. Bc4 Qc7 11. Bb3 Nbd7 12. Qe2 b5 13. h4 Nh5 14. g4
Ng3 15. Qh2 Nxh1 16. Qxh1 Nc5 17. Bd5 Rac8 18. Rc1 b4 19. Ne2 Na4 20. Kf2 Bxd5
21. exd5 f5 22. gxf5 Rxf5 23. Ne4 Rcf8 24. N2g3 Rxf3+ 25. Qxf3 Rxf3+ 26. Kxf3
Bxh4 27. Nf5 Be7 28. Rg1 Bf8 29. Ng5 Qxc2 0-1

[Event "East Lansing (MI Op/2/2)"]
[Site "?"]
[Date "1995.??.??"]
[Round "?"]
[White "Sobocinski, Mike"]
[Black "Tsemekhman, Vadim"]
[Result "0-1"]
[WhiteElo "2030"]
[BlackElo "2495"]
[PlyCount "90"]
[EventDate "1995.??.??"]

{2/(2)} 1. d4 Nf6 2. Nf3 g6 3. e3 Bg7 4. Nbd2 d5 5. Bd3 O-O 6. O-O b6 7. b3 Bb7
8. Bb2 c5 9. Qe2 Nc6 10. c4 dxc4 11. Nxc4 cxd4 12. Nxd4 Nb4 13. Rfd1 Nxd3 14.
Rxd3 Qd5 15. f3 Qh5 16. Rad1 e5 17. g4 Qg5 18. h4 Qxh4 19. Nxe5 Rfe8 20. Ndc6
Qg3+ 21. Qg2 Qxg2+ 22. Kxg2 Nxg4 23. Nxg4 Bxb2 24. Nb4 Bg7 25. Nd5 Bxd5 26.
Rxd5 h5 27. Nf2 Rxe3 28. Ne4 Re2+ 29. Kf1 Rxa2 30. Rd8+ Rxd8 31. Rxd8+ Bf8 32.
Nf6+ Kg7 33. Ne8+ Kh6 34. Rd7 Ra1+ 35. Kg2 Re1 36. Nf6 Kg7 37. Ne4 a5 38. Rb7
Bc5 39. Nxc5 bxc5 40. Rb5 Rb1 41. Rxa5 Rxb3 42. Rxc5 Kh6 43. Rc6 Kg5 44. Rc5+
f5 45. Rc6 f4 0-1

[Event "Lansing (Mini-Swiss.1/2)"]
[Site "?"]
[Date "1995.??.??"]
[Round "?"]
[White "Sobocinski, Mike"]
[Black "Triplett, Thomas"]
[Result "0-1"]
[WhiteElo "2005"]
[BlackElo "1915"]
[PlyCount "72"]
[EventDate "1995.??.??"]

{1/(2)} 1. d4 Nf6 2. Nf3 g6 3. c4 Bg7 4. Nc3 O-O 5. e4 d6 6. Be2 e5 7. O-O c5
8. dxe5 dxe5 9. Qc2 Nc6 10. Nd5 h6 11. h3 Nd4 12. Qd3 Re8 13. Nxd4 exd4 14. Bf3
Nd7 15. Bf4 Ne5 16. Qb3 b6 17. Rac1 Bd7 18. Rfd1 Qc8 19. Be2 Bc6 20. Qg3 Bxd5
21. cxd5 g5 22. Bd2 d3 23. Bxd3 Nxd3 24. Qxd3 Bxb2 25. Rc2 Be5 26. h4 Qg4 27.
Re1 Qxh4 28. Qf3 Rad8 29. Qf5 Rd6 30. g3 Qh5 31. Kg2 Rf6 32. Rh1 Qe2 33. Bf4
Qxc2 34. Qd7 Qxe4+ 35. Kh2 Bxf4 36. gxf4 Qxf4+ {0-1, time.} 0-1

[Event "Lansing (Mini-Swiss.1/3)"]
[Site "?"]
[Date "1995.??.??"]
[Round "?"]
[White "Sobocinski, Mike"]
[Black "Noren, Kevin"]
[Result "0-1"]
[WhiteElo "2005"]
[BlackElo "2275"]
[PlyCount "68"]
[EventDate "1995.??.??"]

{1/(3)} 1. d4 Nf6 2. Nf3 d6 3. c4 g6 4. Nc3 Bg7 5. e4 O-O 6. Be2 e5 7. O-O Nc6
8. d5 Ne7 9. Ne1 Nd7 10. f4 exf4 11. Bxf4 f5 12. Qd2 Ne5 13. Nf3 Nxf3+ 14. Bxf3
fxe4 15. Nxe4 Nf5 16. Bg5 Qd7 17. Bg4 Qa4 18. b3 Qa6 19. Rae1 Qb6+ 20. Qf2 Bd4
21. Be3 Bxe3 22. Rxe3 Qxe3 23. Nf6+ Rxf6 24. Qxe3 Nxe3 25. Rxf6 Nxg4 26. Rf4
Ne5 27. Re4 Bf5 28. Re3 Kf7 29. c5 Ng4 30. Rf3 Re8 31. Rf1 Re2 32. h3 Ne3 33.
Rf3 Rxg2+ 34. Kh1 Re2 0-1